000 00740nam a2200277Ia 4500
003 OSt
005 20221007112738.0
006 a|||||r|||| 00| 0
007 ta
008 221006b |||||||| |||| 00| 0 eng d
024 _a29,297
037 _cTextual
040 _aLCO
_cLCO
_beng
041 _2eng
_aeng
082 _aZ2,3, Q2
100 _aMulla
_9683289
245 0 _aIndian Contract and Specific Relief Acts.V2
250 _a14th
260 _aNew
_bDelhi Lexis Nexis India
_c2012
490 _vVol. II
650 _aCONTRACT
700 _a Bhadbhade Nilima Ed.
_9708775
700 _a Pollock
942 _hZ2,3, Q2
_cTEXL
999 _c1198860
_d1198860